00865cam a2200229 a 4500003000600000005001700006008004100023020001800064040002800082082001600110245010300126260004500229300003500274504005100309650004600360650001300406650002100419650003300440651001900473700001800492776012500510OCoLC20201125111709.0021008s2003 ncua b 001 0 eng  a0-8223-3057-1 aDDCbEnglishcDDCdTSSD a614.428 DIS00aDisease in the history of modern Latin America :bFrom malaria to AIDS /c(edited by) Diego Armus. aDurham :bDuke University Press,cc2003. aviii, 326 p. :bill. ;c24 cm. aIncludes bibliographical references and index. 0aSocial medicinezLatin America.vHistory. 0aDiseases12aSocial Medicine.22aCommunicable Disease Control 2aLatin America.1 aArmus, Diego.08iOnline version:tDisease in the history of modern Latin America.dDurham : Duke University Press, 2003w(OCoLC)656500678